А... (Запис номер 294176)
[ съкратено ]
| 000 -Лидер | |
|---|---|
| Контролно поле с фиксирана дължина | 01603nas a2200301 c 4500 |
| 003 - Код на организацията, давaща контролен номер | |
| Контролно поле | BLK |
| 005 - Дата и час на последна редакция | |
| Контролно поле | 20230112134958.0 |
| 008 - Елементи от данни с фиксирана дължина | |
| fixed length control field | 180413b bul rap|r|||| |0| c1bulo| |
| 010 ## - Наследен системен номер | |
| LC control number | PRD00002261000 |
| 022 ## - Международен стандартен номер на серия ISSN | |
| Международният стандартен номер на серията ISSN | 0861-6825 |
| 040 ## - Източник на каталожния запис | |
| Идентификатор на билиотеката - собственик на записа | BLK |
| 041 ## - Код за език | |
| Код за езика на текст/звукозапис или на отделно заглавие | Български |
| Код за езика КДБФ | Български |
| 080 ## - УДК | |
| Текстов определител УДК | Българска литература |
| УДК код - определител по УДК | 821.163.2 |
| УДК определител | -1/-9 |
| УДК - код + определител | 821.163.2-1/-9 |
| 080 ## - УДК | |
| Текстов определител УДК | Изкуство. Художествени занаяти. Фотография. Музика. Развлечения. Игри. Спорт |
| УДК код - определител по УДК | 7 |
| УДК определител | .01 |
| УДК - код + определител | 7.01 |
| 110 1# - Редна дума - колетивен орган | |
| Редна дума - наименование на организация или юридическо лице | Изд. къща Зелена вълна |
| Авторска отговорност (Описва отношението между автора и произведението) | Ред. кол.: Биляна Борисова и др. |
| 9 (RLIN) | 360080 |
| 245 10 - Сведения за заглавието | |
| Заглавие | А... |
| Подзаглавни данни | Лит. списание за ученици |
| Редно поле (дума) | Изд. къща Зелена вълна ; Ред. кол.: Биляна Борисова и др. |
| Дата на създаване на произведението | Начална год. на издаване: Год. 1, № 1 (1992), Крайна год. на издаване: 1993 |
| 257 ## - Страна на издаване | |
| Страна на създаване/издаване | България |
| 260 ## - Област на издателските данни | |
| -- | София |
| Име на издателя, разпространителя и проч. | Зелена вълна |
| Година на издаване | 1992 |
| Печатница | печ. база ИБКА |
| 300 ## - Физическа характеристика | |
| Размери/Мащаб | 23 |
| 310 ## - Текуща периодчност на изданието | |
| -- | периодичност: 10 |
| Срок за съхранение | срок за съхранение: 99 |
| 380 ## - Жанр | |
| Жанр | Литературознание |
| 500 ## - Общи забележки | |
| Забележка | забележка:Загл. : 1992 г. - А...Амбиции, Аз съм..., Академия, Анализи. Подзагл. : 1992 г. - Списание за творчески дебюти, литературни анализи и културна информация. |
| 852 ## - Местоположение | |
| Форматна сигнатура | А 3170 |
| 856 ## - Електронен адрес и достъп | |
| Електронен формат | pdf - файл |
| Път до файла /url/ | |
| 856 ## - Електронен адрес и достъп | |
| Електронен формат | pdf - файл |
| Път до файла /url/ | |
| 942 ## - АРТИКУЛИ | |
| Вид на библиотечния материал | Списания |
| Скрит в OPAC | Не |
| Периодичен библиозапис | Да |
| Koha issues (borrowed), all copies | 1 |
| 944 ## - СЪЗДАВАНЕ И РЕДАКЦИЯ на ЗАПИСА | |
| Създаване/Редакция | Създаване |
| Дата на регистрацията/редакция | Вася_Ганчева |
| Служител, извършил регистрацията/редакцията | 15.01.2003 |
| 944 ## - СЪЗДАВАНЕ И РЕДАКЦИЯ на ЗАПИСА | |
| Създаване/Редакция | Редакция |
| Дата на регистрацията/редакция | |
| Служител, извършил регистрацията/редакцията | 05.11.2013 |
| 999 ## - СИСТЕМНИ КОНТРОЛНИ НОМЕРА | |
| Koha biblionumber | 294176 |
| Koha biblioitemnumber | 294176 |
| Код за отписване | Код за изгубен артикул | Източник на класификационната схема | Код за повреда | Коз за рестрикции | Код за отдаване | Артикулен № | Име на библиотеката - собственик | Име на библиотеката, в която се намира в момента | Статус (Текущо местоположение) | Дата на вписване в системата | Местоположение - отдел | Цена в лева | Номерация (Хронология) | Инвентарен номер | Систематично азбучна сигнатура | Баркод | Номер на екземпляра | Цена в евро | Служебна бележка | Служебен тип на артикула | Бележка за публиката |
|---|---|---|---|---|---|---|---|---|---|---|---|---|---|---|---|---|---|---|---|---|---|
| Не е изгубен | Universal Decimal Classification | Не е повреден | без рестрикции | ползва се в читалня | 615506 | Регионална библиотека "Любен Каравелов" Русе | Регионална библиотека "Любен Каравелов" Русе | Хранилище | 1992-01-01 | Хранилище | 0.00 | Обхват на том: 1-7, 1-8 | 596371 | А 3170 | 130000596371 | 1 | 0.00 | Дост: Dp, Вид: Д, N: стар фонд, Годиш. инв.: 1-2, Дата инв: 05.11.2013, Бележки инв: Цб2013 | Списания | Год. на изд.: 1992-1993 |